Logical Self-Defense/ (Record no. 11011)

000 -LEADER
fixed length control field 00477nam a22001457a 4500
005 - DATE AND TIME OF LATEST TRANSACTION
control field 20160215142014.0
008 - FIXED-LENGTH DATA ELEMENTS--GENERAL INFORMATION
fixed length control field 160114b xxu||||| |||| 00| 0 eng d
020 ## - INTERNATIONAL STANDARD BOOK NUMBER
International Standard Book Number 0075485885
100 ## - MAIN ENTRY--PERSONAL NAME
Personal name Johnson, Ralph H.
Dates associated with a name 1983
245 ## - TITLE STATEMENT
Title Logical Self-Defense/
Statement of responsibility, etc. J. Anthony Blair and Ralph H. Johnson
250 ## - EDITION STATEMENT
Edition statement 2nd ed.
260 ## - PUBLICATION, DISTRIBUTION, ETC. (IMPRINT)
Place of publication, distribution, etc. London:
Name of publisher, distributor, etc. McGraw-Hill,
Date of publication, distribution, etc. 1983.
300 ## - PHYSICAL DESCRIPTION
Extent xiii, 262p. : ill.; 23cm.
Other physical details includes indexes (p.258-262)
Dimensions 28cm
942 ## - ADDED ENTRY ELEMENTS (KOHA)
Source of classification or shelving scheme
Koha item type Short Loan Books
Call number prefix BC 175
Call number suffix .J63
Holdings
Withdrawn status Lost status Source of classification or shelving scheme Damaged status Not for loan Home library Current library Shelving location Date acquired Source of acquisition Total Checkouts Full call number Barcode Date last seen Price effective from Koha item type
          MACHAKOS UNIVERSITY LIBRARY MACHAKOS UNIVERSITY LIBRARY Africana 14/01/2016 donation from University of Miami   BC 175 .J63 1983 20474 31/05/2019 14/01/2016 Africana (Books)
© Machakos University Library, Along The Highway, Machakos Wote Rd, Machakos, Kenya P.O. Box 136 - 90100 Machakos - Kenya

Tel: ( +254 ) 723 805829 OR Fax : 044-20353 OR Email: library@mksu.ac.ke